'A' Mania Quiz Stats

 Plays Quiz not verified by Sporcle

Also try: Royalty Everywhere
Challenge
Share
Tweet
Embed
Score 0/39 Timer 05:00
0 Plays Today
Hint Answer % Correct
Contains the USA, Canada, and MexicoAmerica
96.6%
Caused by HIV virusAIDS
95.4%
One of the '-stans'Afghanistan
93.1%
Country and continentAustralia
90.8%
Smallest Unit of MatterAtom
90.8%
Social insectAnt
89.7%
Heart of DixieAlabama
88.1%
Largest U.S. StateAlaska
88.1%
Bill Clinton's Home StateArkansas
88.1%
Birthplace of Mozart Austria
86.2%
Contains the Sahara DesertAfrica
85.1%
Contains the Grand CanyonArizona
83.3%
Capital of TexasAustin
82.9%
Mammal with ArmorArmadillo
82.8%
Between Spain and FranceAndorra
81.6%
Substance with low pHAcid
81.6%
Southern tip of South AmericaArgentina
80.5%
Borders Namibia to the southAngola
78.2%
The sport which uses a bow and arrowArchery
78%
Well-known poisonArsenic
75.9%
Hint Answer % Correct
Tenth largest country in the worldAlgeria
74.7%
Capital of GeorgiaAtlanta
73.2%
Capital is TiranaAlbania
72.4%
Fossilized Tree SapAmber
65.5%
Most populous city in AlaskaAnchorage
63.4%
Capital is BakuAzerbaijan
62.1%
Capital of MarylandAnnapolis
61%
Most populous city in New MexicoAlbuquerque
61%
Joined by two islands in the CaribbeanAntigua and Barbuda
60.9%
One of Uranus' five largest moons, also the name of the Little MermaidAriel
58.3%
Causes brain to break downAlzheimer's
55.2%
They form a belt between Mars and JupiterAsteroid
50%
21st President of the USAChester A. Arthur
49.4%
Light blue color and gemstoneAquamarine
48.3%
First state to adopt Christianity as a national religionArmenia
47.1%
13th element of the Periodic TableAluminum
46%
The first alphabetically of the United States territoriesAmerican Samoa
22.2%
Element #85Astatine
19.5%
Variety of quartzAgate
17.2%

You're not logged in!

Compare scores with friends on all Sporcle quizzes.
Join for Free
OR
Log In

You Might Also Like...

Show Comments

Extras

Created Sep 23, 2013ReportNominate
Tags:name

Top Quizzes Today


Score Distribution

Your Account Isn't Verified!

In order to create a playlist on Sporcle, you need to verify the email address you used during registration. Go to your Sporcle Settings to finish the process.

Report this User

Report this user for behavior that violates our Community Guidelines.

Details: